书目信息 |
| 题名: |
人工智能技术及基应用
|
|
| 作者: | 陆伟民 编著 | |
| 分册: | ||
| 出版信息: | 上海 同济大学出版社 1998.04 |
|
| 页数: | 175页 | |
| 开本: | 16开 | |
| 丛书名: | ||
| 单 册: | ||
| 中图分类: | TP18 | |
| 科图分类: | ||
| 主题词: | 人工智能--理论 | |
| 电子资源: | ||
| ISBN: | 7-5608-1895-1 | |
| 000 | 00570nam0 2200193 45 | |
| 001 | 0009151690 | |
| 005 | 20001113193640.9 | |
| 010 | @a7-5608-1895-1@d10.80元 | |
| 100 | @a20000915d1998 km y0chiy0120 ea | |
| 101 | 0 | @achi |
| 105 | @a z 000yy | |
| 200 | 1 | @a人工智能技术及基应用@ARen Gong Zhi Neng Ji Shu Ji Ji Ying Yong@f陆伟民编著@FLu Wei Min Bian Zhu |
| 210 | @a上海@c同济大学出版社@d1998.04 | |
| 215 | @a175页@d16开 | |
| 606 | 0 | @a人工智能@x理论 |
| 690 | @aTP18@v3 | |
| 701 | 0 | @a陆伟民@4编著 |
| 801 | @aCN@bPftUser@c20000915 | |
| 905 | @dTP18@eL541@b404183-187@f5 | |
| 人工智能技术及基应用/陆伟民编著.-上海:同济大学出版社,1998.04 |
| 175页;16开 |
| ISBN 7-5608-1895-1:10.80元 |
| ● |
| 相关链接 |
|
|
|
正题名:人工智能技术及基应用
索取号:TP18/L541
 
预约/预借
| 序号 | 登录号 | 条形码 | 馆藏地/架位号 | 状态 | 备注 |
| 1 | 404183 | 204041839 | 自科二线504/504自科库 2排3列1层/ [索取号:TP18/L541] | 在馆 | |
| 2 | 404184 | 204041848 | 自科二线504/504自科库 2排3列1层/ [索取号:TP18/L541] | 在馆 | |
| 3 | 404185 | 204041857 | 自科二线504/504自科库 7排3列4层/ [索取号:TP18/L541] | 在馆 | |
| 4 | 404186 | 204041866 | 自科二线400A/400A自科库 2排2列3层/ [索取号:TP18/L541] | 在馆 | |
| 5 | 404187 | 204041875 | 自科二线504/504自科库 2排3列1层/ [索取号:TP18/L541] | 在馆 |